000 00522nam a2200169 a 4500
001 000034021
005 20200930070716.0
008 110921s1998 dr 000 0 spa d
040 _aDO-SdBNP
_bspa
_cBNPHU
100 1 _aPeña, Ramón
_959471
245 1 0 _aDacEasy accounting :
_bconsulta al instante /
_cRamón Peña.
246 1 4 _aDacEasy accounting :
_bconsulta al instante
260 _aSanto Domingo :
_bStar Editora,
_c1998.
300 _a142 p. :
_bil. ;
_c28 cm.
504 _aBibliografía : p. 142
049 _aBNPD
999 _c33512
_d33512